Catálogo público

Effects of fungicides, oil, and fungicide - oil - water emulsions on development of cercoscopora leaf spot of bananas in the field / (Record no. 206111)

MARC details
000 -CABECERA
campo de control de longitud fija 00812nam a2200265Ia 4500
001 - NÚMERO DE CONTROL
campo de control Para_7225
003 - IDENTIFICADOR DEL NÚMERO DE CONTROL
campo de control CHAP
008 - DATOS DE LONGITUD FIJA--INFORMACIÓN GENERAL
campo de control de longitud fija 220125s9999 xx 000 0 und d
010 ## - NÚMERO DE CONTROL DE LA BIBLIOTECA DEL CONGRESO
Número de control de LC 206111
040 ## - FUENTE DE LA CATALOGACIÓN
Centro/agencia transcriptor CHAP
090 ## - LOCALMENTE ASIGNADO TIPO-LC NÚMERO DE CLASIFICACIÓN (OCLC); NÚMERO DE CLASIFICACIÓN LOCAL (RLIN)
Número de clasificación (OCLC) (R) ; Numero de clasificación, CALL (RLIN) (NR) PA R-34
100 ## - ENTRADA PRINCIPAL--NOMBRE DE PERSONA
Nombre de persona Klein, H.H.
9 (RLIN) 172267
245 ## - MENCIÓN DE TÍTULO
Título Effects of fungicides, oil, and fungicide - oil - water emulsions on development of cercoscopora leaf spot of bananas in the field /
Mención de responsabilidad, etc. H.H. Klein
500 ## - NOTA GENERAL
Nota general Sobretiro de: Phytopathology 51 (5): 294 - 7, 1961
650 ## - PUNTO DE ACCESO ADICIONAL DE MATERIA--TÉRMINO DE MATERIA
Término de materia o nombre geográfico como elemento de entrada Cercospora
9 (RLIN) 21352
650 ## - PUNTO DE ACCESO ADICIONAL DE MATERIA--TÉRMINO DE MATERIA
Término de materia o nombre geográfico como elemento de entrada Mancha foliar del plátano
9 (RLIN) 70305
650 ## - PUNTO DE ACCESO ADICIONAL DE MATERIA--TÉRMINO DE MATERIA
Término de materia o nombre geográfico como elemento de entrada Plátano
Subdivisión general enfermedades
9 (RLIN) 89231
901 ## - ELEMENTOS DE DATOS A LOCAL LDA (RLIN)
a PA R-34
902 ## - ELEMENTOS DE DATOS B LOCAL, LDB (RLIN)
a A
905 ## - ELEMENTOS DE DATOS E LOCAL, LDE (RLIN)
a 000000 0000000000 00
910 ## - DATOS DE OPCIÓN DEL USUARIO (OCLC)
Datos de opción del usuario
942 ## - ELEMENTOS DE PUNTO DE ACCESO ADICIONAL (KOHA)
Tipo de ítem Koha Parasitologia_
942 ## - ELEMENTOS DE PUNTO DE ACCESO ADICIONAL (KOHA)
Tipo de ítem Koha Parasitologia_
-- 1
Holdings
Estado de retiro Estado de pérdida Fuente del sistema de clasificación o colocación Estado dañado Restricciones de uso No para préstamo Código de colección Localización permanente Ubicación/localización actual Ubicación en estantería Fecha de adquisición Información codificada de la localización en otra ubicación Total de préstamos Código de barras Fecha visto por última vez Precio válido a partir de Tipo de ítem Koha Nota pública
    Clasificación Universidad Autónoma de Chapingo   Préstamo interno   Reimpresos Parasitologia Agricola Parasitologia Agricola   27/10/2005 PARA   PA_5144 25/01/2022 25/01/2022 Reimpreso 3